| 000 | 00694nam a22001577a 4500 | ||
|---|---|---|---|
| 003 | OSt | ||
| 005 | 20151231085237.0 | ||
| 008 | 151231b xxu||||| |||| 00| 0 eng d | ||
| 040 | _cRUA | ||
| 082 | _aLMA SOK 2007 B295 Or.1 | ||
| 100 |
_95818 _aSOK, SEYHA. |
||
| 245 | _amapping land cover of upland area of kampong cham province by using gis and remote sensing technique (ការបង្កើតផែនទីគំរបដីនៅតំបន់ខ្ពង់រាបនៃខេត្តកំពង់ចាមដោយប្រើបច្ចេកទេស gis និង remote sensing) | ||
| 260 |
_aPhnom Penh _bRUA _c2007 |
||
| 300 |
_axiii, 55p. _bill. _c29cm. |
||
| 942 |
_2ddc _cLMA |
||
| 999 |
_c5417 _d5417 |
||